Trí tuệ cảm xúc trong kinh doanh = Emotional intelligence for sales success
Nội dung sách trình bày cái nhìn tổng quan về trí tuệ cảm xúc trong ngành bán hàng, các nguyên tắc cơ bản của nghệ thuật bán hàng và các khía cạnh khoa học thần kinh của ngành để tăng khả năng chốt giao dịch thành công. Được huấn luyện về c...
Đã lưu trong:
| Príomhúdar: | |
|---|---|
| Údair Eile: | |
| Formáid: | Leabhar |
| Teanga: | Vietnamese |
| Foilsithe: |
H.
Dân Trí
2023
|
| Ábhair: | |
| Clibeanna: |
Cuir Clib Leis
Gan Chlibeanna, Bí ar an gcéad duine leis an taifead seo a chlibeáil!
|
| Thư viện lưu trữ: | Thư viện Trường Đại học Nam Cần Thơ |
|---|
| LEADER | 01406nam a22002057a 4500 | ||
|---|---|---|---|
| 001 | NCT_4_009674 | ||
| 008 | 240617b xxu||||| |||| 00| 0 vie d | ||
| 999 | |c 8426 |d 8426 | ||
| 020 | |a 9786043857849 | ||
| 082 | 0 | 4 | |2 23rd ed. |a 658.85 |b S789 |
| 100 | 1 | |a Stanley, Colleen | |
| 245 | 1 | 0 | |a Trí tuệ cảm xúc trong kinh doanh = |b Emotional intelligence for sales success |c Colleen Stanley; Nguyễn Tư Thắng (dịch) |
| 260 | |a H. |b Dân Trí |c 2023 | ||
| 300 | |a 319 tr. |c 21cm | ||
| 520 | 3 | |a Nội dung sách trình bày cái nhìn tổng quan về trí tuệ cảm xúc trong ngành bán hàng, các nguyên tắc cơ bản của nghệ thuật bán hàng và các khía cạnh khoa học thần kinh của ngành để tăng khả năng chốt giao dịch thành công. Được huấn luyện về cách tìm kiếm khách hàng và bán hàng hiệu quả hơn, xác định những yếu tố thúc đẩy quyết định mua hàng; cách xây dựng mối quan hệ với khách hàng. | |
| 653 | |a Quản trị kinh doanh | ||
| 700 | 1 | |a Nguyễn Tư Thắng |e Dịch | |
| 942 | |2 ddc |c BK | ||
| 952 | |0 0 |1 0 |2 ddc |4 0 |6 658_850000000000000_S789 |7 0 |9 29086 |a 000001 |b 000001 |d 2024-06-17 |o 658.85 S789 |p MD.22477 |r 2024-06-17 |v 168000.00 |w 2024-06-17 |y BK | ||
| 980 | |a Thư viện Trường Đại học Nam Cần Thơ | ||


